|
|
|
|
| LEADER |
00901nam a22002057i 4500 |
| 001 |
10041672 |
| 003 |
GR-PaULI |
| 005 |
20210709113515.0 |
| 008 |
000605s1993 gr f f gre d |
| 952 |
|
|
|0 0
|1 0
|2 ddc
|4 0
|6 889_334000000000000_ΤΕΧ
|7 0
|9 326711
|a LISP
|b LISP
|c DON
|d 2021-07-09
|e ΓΑΛ
|i 144036
|l 0
|o 889.334 ΤΕΧ
|p 025000270173
|r 2021-07-09 00:00:00
|t 1
|w 2021-07-09
|y BKN
|
| 999 |
|
|
|c 183263
|d 183263
|
| 020 |
|
|
|a 9600311749
|
| 040 |
|
|
|a GR-PaULI
|b gre
|c GR-PaULI
|e AARC2
|
| 082 |
0 |
4 |
|a 889.334
|2 23
|
| 245 |
1 |
2 |
|a Η τέχνη του γράφειν :
|b δώδεκα νέοι πεζογράφοι /
|c Αμάντα Μιχαλοπούλου...[και.ά.].
|
| 260 |
|
|
|a Αθήνα :
|b Καστανιώτης ;
|b Ρεύματα,
|c 1993.
|
| 300 |
|
|
|a 148 σ. ;
|c 24 εκ.
|
| 700 |
|
|
|9 30902
|a Μιχαλοπούλου, Αμάντα,
|d 1966-
|e συγγραφέας.
|
| 942 |
|
|
|2 ddc
|c BKN
|
| 998 |
|
|
|c ΜΠΟΥΡΑΣ
|d 2021-07
|